nfl top 250 career leaders in passing yards - Statistics

General Stats
  • This quiz has been taken 232 times
  • The average score is 110 of 250
Answer Stats
rank yards passed quarterback name % Correct
1 89,214 Tom Brady
99%
6 63,738 Aaron Rodgers
98%
2 80,358 Drew Brees
98%
11 57,023 Eli Manning
97%
3 71,940+ Peyton Manning
97%
91 23,911 Archie Manning
95%
41 33,609 Patrick Mahomes
94%
15 46,921 Russell Wilson
93%
175 14,391 Marc Wilson
91%
143 17,283 Wade Wilson
91%
4 71,838+ Brett Favre
89%
32 35,650 Alex Smith
87%
114 20,928 Lamar Jackson
87%
10 61,312 Matthew Stafford
87%
120 20,319 Geno Smith
86%
7 63,440 Philip Rivers
86%
9 61,361+ Dan Marino
85%
31 36,245 Jared Goff
85%
24 40,551+ Joe Montana
84%
71 27,651 Josh Allen
84%
158 15,872 Daniel Jones
83%
12 51,475+ John Elway
83%
44 33,124+ Steve Young
83%
5 64,088 Ben Roethlisberger
82%
133 18,190 Bert Jones
82%
156 16,042 Frank Ryan
82%
16 46,512 Joe Flacco
82%
193 11,495 Mac Jones
82%
8 62,792 Matt Ryan
82%
227 8,964 Vince Young
82%
21 43,008 Kirk Cousins
80%
162 15,556 Jalen Hurts
79%
48 32,793 Dak Prescott
78%
77 26,115 Baker Mayfield
76%
19 44,611 Drew Bledsoe
76%
127 19,190 Joe Burrow
76%
67 27,989+ Terry Bradshaw
76%
13 49,325+ Warren Moon
76%
50 32,344+ Kurt Warner
75%
40 34,183 Tony Romo
75%
26 39,558 Andy Dalton
74%
61 29,054 Brad Johnson
74%
86 24,410 Charley Johnson
74%
235 8,329 Randy Johnson
74%
49 32,382 Cam Newton
72%
22 41,245 Derek Carr
72%
29 37,276 Donovan McNabb
72%
168 14,881 Trevor Lawrence
72%
17 46,247 Carson Palmer
71%
98 23,169 Carson Wentz
71%
173 14,452 David Carr
71%
147 16,998 Doug Williams
71%
33 35,467+ Jim Kelly
71%
103 22,464 Michael Vick
71%
46 32,942+ Troy Aikman
71%
85 24,718+ Bart Starr
69%
34 35,133 Jay Cutler
69%
70 27,663+ Joe Namath
69%
93 23,671 Andrew Luck
68%
240 8,041+ Arnie Herber
68%
14 47,003+ Fran Tarkenton
68%
87 24,225 Jameis Winston
68%
25 40,239+ Johnny Unitas
67%
226 9,154 Jordan Love
67%
119 20,460 Kyler Murray
67%
101 22,700+ Roger Staubach
66%
36 34,881 Ryan Tannehill
64%
54 31,304 Steve McNair
64%
136 17,904 Deshaun Watson
62%
35 34,990 Ryan Fitzpatrick
62%
140 17,629 Sam Darnold
62%
185 12,507 Tyrod Taylor
62%
229 8,911 C.J. Stroud
61%
56 29,979 Randall Cunningham
61%
18 46,233 Vinny Testaverde
61%
28 37,920 Boomer Esiason
60%
216 10,104 Brock Purdy
60%
20 43,040+ Dan Fouts
60%
176 14,227 Nick Foles
60%
105 21,959 Danny White
59%
224 9,271 Robert Griffin III
59%
201 10,878 Derek Anderson
57%
47 32,838 Ken Anderson
57%
139 17,649 Blake Bortles
56%
88 24,153 Daunte Culpepper
56%
233 8,534 Justin Fields
56%
80 25,467 Matt Schaub
55%
43 33,462 Phil Simms
55%
159 15,828 Jimmy Garoppolo
54%
83 25,092+ Bob Griese
53%
125 19,440 Brian Griese
53%
23 40,922 Kerry Collins
53%
65 28,475 Trent Green
53%
163 15,357 Mark Sanchez
52%
151 16,514 Tua Tagovailoa
51%
76 26,288 Jim Harbaugh
49%
63 28,711+ Len Dawson
49%
62 28,743 Rich Gannon
49%
104 22,322 Justin Herbert
48%
68 27,938+ Ken Stabler
48%
243 7,801 Kent Graham
48%
150 16,547 Marcus Mariota
48%
95 23,584+ Otto Graham
48%
106 21,886+ Sammy Baugh
48%
167 15,120 Teddy Bridgewater
48%
186 12,271 Colin Kaepernick
47%
212 10,248 Dave Brown
47%
161 15,600 Ed Brown
47%
52 32,072 Mark Brunell
47%
117 20,518 Trent Dilfer
47%
30 36,638 Matt Hasselbeck
46%
141 17,536 Milt Plum
46%
137 17,823 Chad Pennington
44%
113 20,975 Jake Delhomme
43%
79 25,537 Jeff Garcia
43%
134 18,148 Jim McMahon
43%
124 19,449 Sam Bradford
43%
194 11,400 Jacoby Brissett
41%
60 29,253 Jake Plummer
41%
81 25,206 Joe Theismann
41%
66 28,190 Ron Jaworski
41%
45 33,070+ Y.A. Tittle
41%
78 25,882 Jim Plunkett
40%
58 29,745 Jon Kitna
40%
178 13,873 Josh Freeman
40%
132 18,473 Mark Rypien
40%
97 23,301 Bernie Kosar
39%
170 14,715 Doug Flutie
39%
72 27,602 Jeff George
39%
38 34,665 Jim Hart
39%
183 12,747 Mitchell Trubisky
39%
92 23,713 Brian Sipe
38%
27 38,147 Dave Krieg
38%
73 26,920+ George Blanda
38%
37 34,837 Jim Everett
38%
94 23,611+ Norm Van Brocklin
38%
166 15,175 Case Keenum
37%
189 11,950 Gardner Minshew II
37%
169 14,746 Kordell Stewart
37%
99 22,814 Marc Bulger
37%
248 7,418 Brock Osweiler
36%
138 17,731 Josh McCown
36%
82 25,094 Ken O'Brien
36%
172 14,686+ Sid Luckman
36%
205 10,532 Byron Leftwich
34%
241 7,975 Colt McCoy
34%
51 32,224+ Sonny Jurgensen
34%
69 27,908 Craig Morton
33%
164 15,337 Erik Kramer
33%
112 21,115 Jim Zorn
33%
236 8,295 Shaun Hill
33%
84 24,777 Tommy Kramer
33%
152 16,430 Jeff Hostetler
32%
142 17,508 Matt Cassel
32%
148 16,774 Elvis Grbac
31%
53 31,548 John Brodie
31%
42 33,503 John Hadl
31%
100 22,771 Neil Lomax
31%
108 21,690 Neil O'Donnell
31%
74 26,886 Steve Grogan
31%
128 19,154 Daryle Lamonica
30%
181 13,290 Chad Henne
29%
64 28,484 Chris Chandler
29%
184 12,700 Don Majkowski
29%
238 8,136 James Harris
29%
247 7,597 Matt Moore
29%
116 20,610 Richard Todd
29%
59 29,444 Roman Gabriel
29%
198 11,131 Tim Couch
29%
75 26,768+ Bobby Layne
28%
200 10,899 Brian Hoyer
28%
157 16,003 David Garrard
28%
145 17,199 Don Meredith
28%
96 23,322 Lynn Dickey
28%
214 10,232 Rex Grossman
28%
118 20,495 Billy Kilmer
26%
57 29,817 Joe Ferguson
26%
135 18,037 Kyle Orton
26%
89 24,124 Steve Bartkowski
26%
197 11,142 Tony Eason
26%
121 20,261 Aaron Brooks
25%
217 9,487 Blaine Gabbert
25%
126 19,320 Chris Miller
25%
39 34,241 Steve DeBerg
25%
115 20,809 Earl Morrall
24%
146 17,191 Stan Humphries
24%
131 18,515 Dan Pastorini
23%
111 21,218 Jack Kemp
23%
149 16,771 Jason Campbell
23%
239 8,087 Tommy Maddox
23%
109 21,683 Bobby Hebert
22%
160 15,692 Scott Mitchell
22%
90 24,046 Steve Beuerlein
22%
55 30,797 Norm Snead
21%
190 11,849+ Bob Waterfield
20%
232 8,558 David Woodley
20%
110 21,291 Gus Frerotte
20%
107 21,711 Jeff Blake
18%
102 22,681 Babe Parilli
17%
123 19,488 Charlie Conerly
17%
191 11,844 Jay Fiedler
17%
122 20,063 Jay Schroeder
17%
171 14,693 Joey Harrington
17%
153 16,338 Rodney Peete
17%
209 10,385 Tommy Thompson
17%
244 7,751 Trevor Siemian
17%
218 9,485 Vince Evans
17%
155 16,052 Greg Landry
16%
195 11,336 Vince Ferragamo
16%
180 13,399 Eddie LeBaron
15%
223 9,296 Pat Haden
15%
237 8,176 Pete Beathard
15%
199 11,085 Charlie Batch
14%
208 10,439 Steve Bono
14%
165 15,315 Tony Banks
14%
144 17,277 Bill Kenney
13%
174 14,445 Bubby Brister
13%
192 11,760 Cotton Davidson
13%
228 8,931 Kyle Boller
13%
154 16,079 Mike Tomczak
13%
242 7,875 Steve Walsh
13%
179 13,764 Gary Danielson
11%
187 11,969 Rick Mirer
11%
129 18,850 Tobin Rote
11%
188 11,959+ Tom Flores
11%
203 10,760 Billy Joe Tolliver
10%
215 10,175 Mark Malone
10%
206 10,506 Mike Phipps
10%
210 10,345 Zeke Bratkowski
10%
130 18,530 Billy Wade
9%
246 7,625 Craig Erickson
9%
221 9,436 Gary Hogeboom
9%
230 8,699 John Friesz
9%
222 9,414 Mike Pagel
9%
204 10,711 Eric Hipple
8%
213 10,243 Jack Trudeau
8%
231 8,622 Jim Finks
8%
196 11,295 Mike Livingston
8%
225 9,197 Bob Berry
7%
202 10,795 Frankie Albert
7%
211 10,282 Frank Tripucka
7%
234 8,433 Rudy Bukich
7%
245 7,708 Al Dorow
6%
182 12,896 Bill Munson
6%
177 14,165 Bill Nelsen
6%
219 9,480 Bobby Thomason
6%
249 7,402 Gary Cuozzo
6%
220 9,449 Lamar McHan
6%
250 7,294 Paul Christman
5%
207 10,473 George Ratterman
3%
No matching quizzes found
Score Distribution
Percent of People with Each Score
Percentile by Number Answered
Your Score History
You have not taken this quiz